Detalles MARC
| 000 -LIDER |
| fixed length control field |
01327nam a22002777a 4500 |
| 001 - NÚMERO DE CONTROL |
| Identificador de número de control |
000306 |
| 003 - IDENTIFICACDOR DE NÚMERO DE CONTROL |
| control field |
DO-SdBNP |
| 005 - DATE AND TIME OF LATEST TRANSACTION |
| control field |
20240528094805.0 |
| 007 - CAMPOS FIJOS DE DESCRIPCIÓN FÍSICA |
| fixed length control field |
000306 |
| 008 - ELEMENTOS DE LONGITUD FIJA |
| fixed length control field |
160623b 2006 ag | 00| 0 spa d |
| 020 ## - ISBN |
| International Standard Book Number |
9870403026 |
| 040 ## - FUENTE DE CATALOGACIÓN |
| Agencia que crea de manera original el registro |
BPMSU |
| Idioma de catalogación |
spa |
| Agencia que realiza la transcripción |
BPMSU |
| 082 #4 - NÚMERO DE CLASIFICACIÓN DECIMAL DE DEWEY |
| Classification number |
A863.08 |
| Item number |
T564m 2011 |
| Edition number |
22 |
| 245 00 - MENCIÓN DE TITULO |
| Título |
Tierra marcada : |
| Subtítulo |
antologí́a de cuentos latinoamericanos del siglo XX / |
| Mención de responsabilidad |
prólogo de Liliana Heker ; estudio de Pablo Ansolabehere. |
| 260 ## - PUBLICACIÓN, DISTRIBUCIÓN, ETC. (PIE DE IMPRENTA) |
| Lugar de publicación, distribución, etc |
Buenos Aires : |
| Nombre del editor, distribuidor, etc. |
Alfaguara, |
| Fecha de publicación, distribución, etc |
2006. |
| 300 ## - DESCRIPCIÓN FÍSICA |
| Extensión |
183 p. ; |
| Dimensiones |
19 cm. |
| 490 0# - MENCIÓN DE SERIES |
| Mención de serie |
Roja (Alfaguara) |
| 505 0# - NOTA DE CONTENIDO |
| Título |
Un rato de tenmealla / |
| Mención de responsabilidad |
Cabrera Infante, Guillermo |
| Título |
Reunión / |
| Mención de responsabilidad |
Cortazar, Julio |
| Título |
El güero / |
| Mención de responsabilidad |
Donoso, José |
| Título |
La prodigiosa tarde de Baltazar / |
| Mención de responsabilidad |
García Márquez, Gabriel |
| Título |
La culpa es de los tlaxcaltecas / |
| Mención de responsabilidad |
Garro, Elena |
| -- |
Cortázar, Julio |
| Título |
Viaje a Petrópolis / |
| Mención de responsabilidad |
Lispector, Clarice |
| Título |
La tela de araña / |
| Mención de responsabilidad |
Ribeyro, Julio Ramón |
| Título |
Hogar / |
| Mención de responsabilidad |
Roa Bastos, Augusto |
| Título |
La cuesta de las comadres / |
| Mención de responsabilidad |
Rulfo, Juan |
| Título |
Estudió de Tierra marcada / |
| Mención de responsabilidad |
Ansolabehere, Pablo. |
| 590 ## - NOTA LOCAL |
| Texto de la nota local |
Inventariado, 2024/VM |
| 650 #4 - ENCABEZAMIENTO DE MATERIA--TEMÁTICO |
| Término temático o nombre geográfico como elemento de entrada |
Cuentos latinoamericanos |
| 650 #4 - ENCABEZAMIENTO DE MATERIA--TEMÁTICO |
| Término temático o nombre geográfico como elemento de entrada |
Narrativa juvenil latinoamericana |
| 700 1# - ASIENTO SECUNDARIO -- NOMBRE PERSONAL |
| Nombre personal |
Ansolabehere, Pablo |
| Mención de responsabilidad |
traductor |
| 700 12 - ASIENTO SECUNDARIO -- NOMBRE PERSONAL |
| Nombre personal |
Liliana, Heker, |
| Mención de responsabilidad |
pról. |
| 910 ## - VALIDACIÓN |
| Validación |
VMateo V. Cotrol de calidad. BPMSU |
| 942 ## - ADDED ENTRY ELEMENTS (KOHA) |
| Source of classification or shelving scheme |
Dewey Decimal Classification |
| Koha item type |
Libros |